000 01102cam a2200253 i 4500
005 20171212141808.0
008 950223s1991 ne | |10| | eng|c
020 _a0444890483
035 _axx001597832
039 9 _a201609211338
_bkopilwa
_c201512110008
_dAUTHORITY
_c201303191430
_dvus
_c201210110126
_dVLOAD
_y201005051204
_zVLOAD
040 _aNUKAT
_cKR 93/ZP
_dKR 93/MN
_dKR 93/MK
245 0 0 _aFuture directions in artificial intelligence :
_bIFIP TC 12 founding workshop collected papers /
_ced. by Peter A. Flach, Robert A. Meersman.
260 _aAmsterdam :
_bNorth-Holland,
_c1991.
300 _aXVI, 190 s. ;
_c23 cm.
500 _aZawiera materiaƂy konferencji: Eleventh International Joint Conference on Artificial Intelligence, August 1989, Detroit.
504 _aBibliogr. s. 161-176.
650 _aSztuczna inteligencja
_vkonferencje.
700 1 _aFlach, Peter A.
_eRed.
700 1 _aMeersman, Robert A.
_d(1947- ).
_eRed.
711 2 _aInternational Joint Conference on Artificial Intelligence
_n(11 ;
_d1989 ;
_cDetroit).
920 _a0-444-89048-3
953 _aKR_93
961 _aWA_310
973 _aKAT_001
999 _c2304
_d2304